Hoffman's Daily needs and interests of older people. (Record no. 1143)
[ view plain ]
| 000 -LEADER | |
|---|---|
| fixed length control field | 00984nam a2200277 a 4500 |
| 005 - DATE AND TIME OF LATEST TRANSACTION | |
| control field | 20260322212048.0 |
| 008 - FIXED-LENGTH DATA ELEMENTS--GENERAL INFORMATION | |
| fixed length control field | data |
| 010 ## - LIBRARY OF CONGRESS CONTROL NUMBER | |
| LC control number | 82017039 |
| 020 ## - INTERNATIONAL STANDARD BOOK NUMBER | |
| International Standard Book Number | 0398047820 |
| 020 ## - INTERNATIONAL STANDARD BOOK NUMBER | |
| International Standard Book Number | 9780398047825 |
| 040 ## - CATALOGING SOURCE | |
| Original cataloging agency | DLC |
| Transcribing agency | DLC |
| Modifying agency | OCoLC |
| -- | OCoLC |
| 050 00 - LIBRARY OF CONGRESS CALL NUMBER | |
| Classification number | HQ1061 |
| Item number | .D26 1983 |
| 096 ## - LOCALLY ASSIGNED NLM-TYPE CALL NUMBER (OCLC) | |
| Classification number | WT 100 H675d 1970 |
| 001 - CONTROL NUMBER | |
| control field | data |
| 130 0# - MAIN ENTRY--UNIFORM TITLE | |
| Uniform title | Daily needs and interests of older people. |
| 245 10 - TITLE STATEMENT | |
| Title | Hoffman's Daily needs and interests of older people. |
| Statement of responsibility, etc. | edited by Adeline Mildred Hoffman, Woodrow Wilbert Morris & Iva M. Bader. |
| 250 ## - EDITION STATEMENT | |
| Edition statement | 2nd ed. / |
| Remainder of edition statement | edited by Woodrow W. Morris and Iva M. Bader ; with a foreword by Sara C. Wolfson. |
| 260 ## - PUBLICATION, DISTRIBUTION, ETC. | |
| Place of publication, distribution, etc. | Springfield, Ill. : |
| Name of publisher, distributor, etc. | Thomas, |
| Date of publication, distribution, etc. | 1983. |
| 300 ## - PHYSICAL DESCRIPTION | |
| Extent | xviii, 293 p. : |
| Other physical details | ill. ; |
| Dimensions | 24 cm. |
| 504 ## - BIBLIOGRAPHY, ETC. NOTE | |
| Bibliography, etc. note | Includes bibliographical references and index. |
| 590 ## - LOCAL NOTE (RLIN) | |
| Local note | Includes bibliographies and index. |
| 650 #0 - SUBJECT ADDED ENTRY--TOPICAL TERM | |
| Topical term or geographic name entry element | Gerontology. |
| 700 1# - ADDED ENTRY--PERSONAL NAME | |
| Personal name | Hoffman, Adeline Mildred. |
| 700 1# - ADDED ENTRY--PERSONAL NAME | |
| Personal name | Morris, Woodrow Wilbert, |
| Dates associated with a name | 1913- |
| 700 1# - ADDED ENTRY--PERSONAL NAME | |
| Personal name | Bader, Iva M. |
| Withdrawn status | Lost status | Damaged status | Not for loan | Home library | Current library | Shelving location | Date acquired | Total checkouts | Full call number | Barcode | Date last seen | Price effective from | Koha item type |
|---|---|---|---|---|---|---|---|---|---|---|---|---|---|
| Springfield | Springfield | General stacks | 22/03/2026 | HQ1061 .D26 1983 | BC0011181 | 22/03/2026 | 22/03/2026 | Books |